000 00441 a2200121 4500
020 _a1420042769 (alk. paper)
020 _a9781420042764 (alk. paper)
082 _a624.151 HUN
100 _aHunt, Roy E.
245 _aCharacteristics of geologic materials and formations :
_ba field guide for geotechnical engineers /
_cRoy E. Hunt.
260 _aBoca Raton, FL :
_bCRC/Taylor & Francis,
_c2007.
300 _a387 p. :
_bill., maps ;
_c27 cm.
650 _aEngineering geology
999 _c974
_d974